[Event "28. Torneo San Viator 2017 - Torneo B"]
[Site "Madrid ESP"]
[Date "2017.05.14"]
[Round "6.21"]
[White "Cortijo Manso, Luis"]
[Black "Marinas Olaya, Marta"]
[Result "1-0"]
[WhiteElo "1534"]
[BlackElo "1307"]
[PlyCount "131"]
[EventDate "2017.03.26"]
[EventType "swiss"]
[EventRounds "9"]
[EventCountry "ESP"]
[SourceTitle "Ajedrez en Madrid"]
[Source "lmi"]
[SourceDate "2017.03.26"]

1. Nf3 Nc6 2. d4 d5 3. g3 Nf6 4. Bg2 e6 5. O-O Bd6 6. Nbd2 O-O 7. c4 Ne4 8.
cxd5 Nxd2 9. Bxd2 exd5 10. Qc2 h6 11. Qb3 Be7 12. Rac1 Bg4 13. e3 Rb8 14. Rfe1
f5 15. Bc3 Bxf3 16. Bxf3 Qd6 17. Qxd5+ Qxd5 18. Bxd5+ Kh8 19. a3 Rfd8 20. Bg2
Bd6 21. Bh3 Ne7 22. Bg2 b5 23. Bb4 Nc8 24. Ba5 Nb6 25. Rc2 Nc4 26. Bc3 b4 27.
Bxb4 Bxb4 28. axb4 Rxb4 29. b3 Na3 30. Rxc7 Rxb3 31. Rxa7 Nc2 32. Rf1 Rdb8 33.
Rc7 Na3 34. Rfc1 Nb5 35. Rc8+ Rxc8 36. Rxc8+ Kh7 37. Rc1 Rd3 38. Bf1 Rc3 39.
Rxc3 Nxc3 40. Kg2 Nd5 41. h4 g5 42. hxg5 hxg5 43. Bd3 Kg6 44. e4 Ne7 45. e5 Kf7
46. f4 gxf4 47. gxf4 Ke6 48. Bc4+ Nd5 49. Kf3 Kd7 50. Bxd5 Ke7 51. Ba2 Kd7 52.
d5 Ke7 53. Bb1 Kd7 54. Bxf5+ Ke7 55. Ke4 Kf7 56. Bh3 Ke7 57. d6+ Kf7 58. Kd5
Kg6 59. d7 Kf7 60. Kd6 Kg6 61. d8=Q Kg7 62. Qf6+ Kh7 63. e6 Kg8 64. e7 Kh7 65.
Bf5+ Kg8 66. e8=Q# 1-0

[Event "28. Torneo San Viator 2017 - Torneo B"]
[Site "Madrid ESP"]
[Date "2017.05.14"]
[Round "6.23"]
[White "Gallego Romero, Manuel"]
[Black "San Felipe Gonzalez, Tomas"]
[Result "0-1"]
[WhiteElo "1486"]
[BlackElo "1691"]
[PlyCount "82"]
[EventDate "2017.03.26"]
[EventType "swiss"]
[EventRounds "9"]
[EventCountry "ESP"]
[SourceTitle "Ajedrez en Madrid"]
[Source "lmi"]
[SourceDate "2017.03.26"]

1. e4 c5 2. Bc4 Nc6 3. a3 e6 4. Nc3 Nf6 5. d3 d5 6. Bb5 d4 7. Bxc6+ bxc6 8.
Nce2 Rb8 9. c4 e5 10. h3 Bd6 11. Nf3 h6 12. O-O O-O 13. Ng3 Nh7 14. Rb1 Qc7 15.
Nh4 Kh8 16. Nhf5 Rg8 17. Qf3 Bf8 18. Qd1 Be6 19. Bd2 Qb7 20. f4 f6 21. Nh4 g5
22. fxg5 fxg5 23. Nhf5 Qd7 24. Rf2 Bg7 25. Nxg7 Qxg7 26. Nf5 Bxf5 27. exf5 Nf6
28. g4 e4 29. dxe4 Nxe4 30. Rf3 Nxd2 31. Qxd2 Rge8 32. Qd3 Qf6 33. b3 Rb7 34.
b4 cxb4 35. axb4 Rbe7 36. Qf1 Re4 37. Rd3 Re2 38. Rdd1 Qe5 39. Qf3 Qh2+ 40. Kf1
R8e3 41. Qxc6 Qf2# 0-1

[Event "28. Torneo San Viator 2017 - Torneo B"]
[Site "Madrid ESP"]
[Date "2017.05.14"]
[Round "6.24"]
[White "Rojo Jorge, Luis"]
[Black "De Los Rios Camacho, Juan Antoni"]
[Result "1/2-1/2"]
[WhiteElo "1461"]
[BlackElo "1683"]
[PlyCount "98"]
[EventDate "2017.03.26"]
[EventType "swiss"]
[EventRounds "9"]
[EventCountry "ESP"]
[SourceTitle "Ajedrez en Madrid"]
[Source "lmi"]
[SourceDate "2017.03.26"]

1. e4 e5 2. Nf3 Nc6 3. Bc4 Nf6 4. Nc3 Bc5 5. d3 d6 6. O-O Bg4 7. h3 Bh5 8. Bg5
h6 9. Bh4 g5 10. Bg3 Nd4 11. Na4 Bb6 12. Nxb6 axb6 13. c3 Nxf3+ 14. gxf3 Qd7
15. Kh2 Bg6 16. d4 Nh5 17. dxe5 Nxg3 18. fxg3 dxe5 19. Qxd7+ Kxd7 20. Rad1+ Ke7
21. Rd5 f6 22. Rfd1 Be8 23. a3 b5 24. Bb3 Bc6 25. R5d3 Rhd8 26. Kg2 Rxd3 27.
Rxd3 Bd7 28. g4 h5 29. Rd1 h4 30. Kf2 Rd8 31. Ke2 b4 32. cxb4 Bb5+ 33. Kf2 Rxd1
34. Bxd1 Bc4 35. Be2 Bb3 36. Ke3 c6 37. Kd3 b5 38. Kc3 Be6 39. b3 Kd6 40. a4
Kc7 41. axb5 cxb5 42. Bxb5 Kb6 43. Bc4 Bd7 44. b5 Be8 45. Kb4 Bd7 46. Bd5 Bxb5
47. Bc4 Bd7 48. Kc3 Kc5 49. Kd3 Kb4 1/2-1/2

[Event "28. Torneo San Viator 2017 - Torneo B"]
[Site "Madrid ESP"]
[Date "2017.05.14"]
[Round "6.25"]
[White "Ramirez De La Piscina G, Juan A"]
[Black "Alvarez Poves, Jesus"]
[Result "0-1"]
[WhiteElo "1662"]
[BlackElo "1576"]
[PlyCount "110"]
[EventDate "2017.03.26"]
[EventType "swiss"]
[EventRounds "9"]
[EventCountry "ESP"]
[SourceTitle "Ajedrez en Madrid"]
[Source "lmi"]
[SourceDate "2017.03.26"]

1. d4 Nf6 2. e3 e6 3. Bd3 c5 4. c3 d5 5. f4 c4 6. Bc2 Ne4 7. Bxe4 dxe4 8. Qa4+
Bd7 9. Qxc4 Nc6 10. Nd2 f5 11. Nb3 Rc8 12. Qe2 a6 13. Nh3 Be7 14. Bd2 Na7 15.
c4 O-O 16. Rc1 Nc6 17. Nc5 Bxc5 18. dxc5 e5 19. Bc3 Re8 20. O-O Qc7 21. Qh5
exf4 22. Nxf4 Ne5 23. Bxe5 Qxe5 24. Rcd1 Bc6 25. b4 Qc3 26. Nd5 Bxd5 27. cxd5
Qxe3+ 28. Kh1 g6 29. Qh4 Qc3 30. d6 Rcd8 31. d7 Rf8 32. Qe7 Qxb4 33. Qe6+ Kh8
34. Qe5+ Kg8 35. Rb1 Qd2 36. Rxb7 Rxd7 37. Qe6+ Rff7 38. c6 Rxb7 39. cxb7 Qb4
40. Rc1 Qxb7 41. Rc8+ Kg7 42. Qe5+ Kh6 43. Qf4+ g5 44. Qd6+ Kh5 45. Qd1+ g4 46.
Rd8 Re7 47. h3 Rg7 48. Rd5 Qf7 49. Qb3 Rg5 50. Qd1 Qe6 51. g3 e3 52. h4 Rg6 53.
Ra5 Qe4+ 54. Kh2 Rc6 55. Kg1 Rc2 0-1

[Event "28. Torneo San Viator 2017 - Torneo B"]
[Site "Madrid ESP"]
[Date "2017.05.14"]
[Round "6.26"]
[White "Lopez Nunez, Alonso"]
[Black "Iriarte Gomez, Enrique"]
[Result "1-0"]
[WhiteElo "1405"]
[BlackElo "1658"]
[PlyCount "135"]
[EventDate "2017.03.26"]
[EventType "swiss"]
[EventRounds "9"]
[EventCountry "ESP"]
[SourceTitle "Ajedrez en Madrid"]
[Source "lmi"]
[SourceDate "2017.03.26"]

1. e4 g6 2. Nf3 Bg7 3. d4 d6 4. c3 Nf6 5. Bd3 O-O 6. O-O c6 7. Bf4 Nh5 8. Bg3
Nxg3 9. hxg3 Bg4 10. Nbd2 Nd7 11. Qb3 Qb6 12. Qxb6 axb6 13. Nh2 Be6 14. Bc4
Bxc4 15. Nxc4 b5 16. Ne3 b4 17. a3 bxc3 18. bxc3 c5 19. Nf3 cxd4 20. cxd4 Ra4
21. Rab1 b6 22. Nd5 Re8 23. Nxb6 Nxb6 24. Rxb6 Rxa3 25. Rb4 Rea8 26. Rfb1 Ra1
27. Rxa1 Rxa1+ 28. Kh2 h6 29. Rb8+ Kh7 30. Rb7 Bf8 31. e5 Kg7 32. exd6 exd6 33.
Rb2 Rd1 34. Rd2 Rxd2 35. Nxd2 d5 36. Kg1 Bd6 37. Kf1 f5 38. Ke2 Kf6 39. Nf1 g5
40. Ne3 Ke6 41. g4 f4 42. Nf5 Bf8 43. g3 h5 44. Kf3 fxg3 45. fxg3 Kf6 46. Ne3
Ke6 47. gxh5 Bg7 48. Nc2 Kf5 49. g4+ Ke6 50. Ke3 Bf8 51. Kd3 Bd6 52. Ne3 Bf4
53. Nf5 Kf6 54. h6 Kg6 55. Kc3 Bc7 56. Kb4 Bb6 57. Kb5 Bxd4 58. Nxd4 Kxh6 59.
Kc5 Kg6 60. Kxd5 Kf6 61. Ne6 Kg6 62. Ke5 Kh6 63. Kf6 Kh7 64. Kxg5 Kg8 65. Kf6
Kh7 66. Kf7 Kh8 67. g5 Kh7 68. g6+ 1-0

[Event "28. Torneo San Viator 2017 - Torneo B"]
[Site "Madrid ESP"]
[Date "2017.05.14"]
[Round "6.27"]
[White "Martin Rodriguez, Jose Luis"]
[Black "Urbelz Perez, Ignacio"]
[Result "0-1"]
[WhiteElo "1320"]
[BlackElo "1606"]
[PlyCount "92"]
[EventDate "2017.03.26"]
[EventType "swiss"]
[EventRounds "9"]
[EventCountry "ESP"]
[SourceTitle "Ajedrez en Madrid"]
[Source "lmi"]
[SourceDate "2017.03.26"]

1. c4 e6 2. Nc3 f5 3. Nf3 Nf6 4. g3 d5 5. cxd5 exd5 6. d4 c6 7. Bg2 Bd6 8. Bg5
O-O 9. O-O Qe8 10. Qc2 Be6 11. Bxf6 Rxf6 12. Ne5 Nd7 13. f4 a6 14. Kh1 Rh6 15.
Bf3 Nf6 16. e3 Ne4 17. Nxe4 fxe4 18. Bd1 Bh3 19. Rg1 Bxe5 20. dxe5 Qe7 21. Qf2
Bd7 22. Bb3 Rf8 23. Qg2 Kh8 24. Rac1 Bg4 25. Bd1 Bxd1 26. Rgxd1 g5 27. Qd2 g4
28. Qd4 Re6 29. Qc5 Qd8 30. Rf1 Rf5 31. Rg1 Rg6 32. Qc2 h5 33. Rg2 h4 34. Rgg1
hxg3 35. Rxg3 Qh4 36. Qg2 Rh5 37. Rg1 Rgh6 38. Qh3 Qxh3 39. Rxh3 Rxh3 40. Rg2
Rxe3 41. Rxg4 Re2 42. Rg2 Re1+ 43. Rg1 Rxg1+ 44. Kxg1 Rh3 45. e6 Kg7 46. f5 Kf6
0-1

[Event "28. Torneo San Viator 2017 - Torneo B"]
[Site "Madrid ESP"]
[Date "2017.05.14"]
[Round "6.28"]
[White "Di Pietro Moreno, Fatima"]
[Black "Sanchez Rosado, Alberto"]
[Result "1-0"]
[WhiteElo "1394"]
[BlackElo "1578"]
[PlyCount "141"]
[EventDate "2017.03.26"]
[EventType "swiss"]
[EventRounds "9"]
[EventCountry "ESP"]
[SourceTitle "Ajedrez en Madrid"]
[Source "lmi"]
[SourceDate "2017.03.26"]

1. d4 f5 2. Bf4 Nf6 3. e3 e6 4. c4 Bb4+ 5. Nc3 O-O 6. Nf3 Ne4 7. Qb3 Be7 8. Bd3
Nc6 9. Nxe4 fxe4 10. Bxe4 Bb4+ 11. Kf1 Qe8 12. Bxc6 bxc6 13. Qxb4 a5 14. Qc3 d6
15. a4 Qf7 16. b3 d5 17. Ne5 Qh5 18. Nxc6 Ba6 19. Nxa5 dxc4 20. Nxc4 Rac8 21.
Ke1 Rfd8 22. Qc2 c5 23. dxc5 Rxc5 24. Qe4 Re8 25. f3 Qh4+ 26. Bg3 Qg5 27. Kf2
Qd5 28. Qxd5 exd5 29. Nd2 Rc2 30. Rhd1 d4 31. e4 Rec8 32. Ke1 d3 33. Bf4 h6 34.
Kf2 g5 35. Be5 Kf7 36. Ke3 Ke6 37. Bg7 h5 38. Bd4 g4 39. fxg4 hxg4 40. Rf1 Ke7
41. Rf4 g3 42. hxg3 R2c6 43. Raf1 Re8 44. Rf7+ Kd8 45. R1f6 Rxf6 46. Rxf6 Bb7
47. Kxd3 Rg8 48. Be5 Ke7 49. Nc4 Rg4 50. Rf4 Rxg3+ 51. Kd4 Rxg2 52. Rh4 Ba6 53.
Rh7+ Kd8 54. Rh6 Bxc4 55. Kxc4 Kd7 56. Bd4 Rc2+ 57. Kd5 Rc1 58. Rd6+ Ke7 59.
Bf6+ Kf7 60. e5 Rd1+ 61. Kc6 Rc1+ 62. Kb5 Rb1 63. b4 Rc1 64. Rc6 Rd1 65. a5
Rd5+ 66. Rc5 Rd7 67. Kb6 Rd4 68. b5 Ke6 69. a6 Rd7 70. a7 Rxa7 71. Kxa7 1-0

[Event "28. Torneo San Viator 2017 - Torneo B"]
[Site "Madrid ESP"]
[Date "2017.05.14"]
[Round "6.29"]
[White "Abanades Flores, Diego"]
[Black "Mateos Cordero, Francisco"]
[Result "0-1"]
[WhiteElo "1398"]
[BlackElo "1643"]
[PlyCount "122"]
[EventDate "2017.03.26"]
[EventType "swiss"]
[EventRounds "9"]
[EventCountry "ESP"]
[SourceTitle "Ajedrez en Madrid"]
[Source "lmi"]
[SourceDate "2017.03.26"]

1. d4 d5 2. c4 c6 3. Nf3 e6 4. Qc2 Nf6 5. e3 Nbd7 6. Nbd2 c5 7. e4 dxe4 8. Nxe4
cxd4 9. Nxd4 Nxe4 10. Qxe4 Bb4+ 11. Bd2 Bxd2+ 12. Kxd2 Nf6 13. Qd3 O-O 14. f3
Qb6 15. Kc3 Rd8 16. Qe3 a6 17. b4 Qc7 18. Kb2 a5 19. b5 e5 20. Nc2 Be6 21. Rc1
Bf5 22. Be2 Bxc2 23. Rxc2 Qe7 24. a4 Qb4+ 25. Qb3 Qc5 26. Qa3 Qd4+ 27. Qc3 Rac8
28. Rd1 Qxc3+ 29. Kxc3 Rxd1 30. Bxd1 Nd5+ 31. Kd2 Nb6 32. c5 Nxa4 33. c6 bxc6
34. Rxc6 Rxc6 35. bxc6 Nb6 36. Kc3 Kf8 37. g3 Ke7 38. f4 exf4 39. gxf4 Nd5+ 40.
Kd4 Nxf4 41. Kc5 Ne6+ 42. Kb6 Kd8 43. Kxa5 Kc7 44. Bc2 Kxc6 45. Bxh7 g6 46. h4
Kd6 47. Kb4 Ke7 48. Bg8 Kf8 49. Bxf7 Kxf7 50. Kc4 Kf6 51. Kd3 Kf5 52. h5 g5 53.
Ke3 g4 54. Kf2 Kf4 55. Kg2 Ng5 56. Kf2 g3+ 57. Kg2 Kg4 58. h6 Nh7 59. Kg1 Kh3
60. Kh1 g2+ 61. Kg1 Ng5 0-1

[Event "28. Torneo San Viator 2017 - Torneo B"]
[Site "Madrid ESP"]
[Date "2017.05.14"]
[Round "6.30"]
[White "Franco Rincon, David"]
[Black "Gonzalez Mesas, Angel"]
[Result "0-1"]
[WhiteElo "1748"]
[BlackElo "1256"]
[PlyCount "116"]
[EventDate "2017.03.26"]
[EventType "swiss"]
[EventRounds "9"]
[EventCountry "ESP"]
[SourceTitle "Ajedrez en Madrid"]
[Source "lmi"]
[SourceDate "2017.03.26"]

1. e4 c6 2. d4 d5 3. exd5 cxd5 4. Bd3 Nc6 5. c3 e6 6. Bf4 Nf6 7. Nd2 Bd6 8. Bg3
O-O 9. Ngf3 Re8 10. O-O e5 11. dxe5 Nxe5 12. Nxe5 Bxe5 13. Nf3 Bg4 14. Re1 Bxg3
15. hxg3 Qb6 16. Qc2 g6 17. Nd4 Rxe1+ 18. Rxe1 Rc8 19. Qd2 a6 20. Kh1 Re8 21.
Rxe8+ Nxe8 22. Be2 Be6 23. Kg1 Nd6 24. b3 Ne4 25. Qe3 Qa5 26. c4 Qxa2 27. Bd3
Qd2 28. Bxe4 Qxe3 29. fxe3 dxe4 30. Kf2 Bg4 31. Ke1 Kf8 32. Kd2 Ke7 33. Nc2 Kd6
34. Kc3 Kc5 35. b4+ Kd6 36. Kd4 f5 37. c5+ Ke6 38. Kc3 Kd5 39. Nd4 Bd1 40. Kd2
Ba4 41. Kc3 h6 42. Ne2 g5 43. Nd4 Bd7 44. Ne2 h5 45. Kb3 Bb5 46. Nd4 f4 47.
gxf4 gxf4 48. Nxb5 axb5 49. exf4 Kd4 50. f5 Ke5 51. f6 Kxf6 52. Kc3 Ke5 53. g3
Kd5 54. Kd2 Kc4 55. Ke3 Kxb4 56. Kxe4 Kxc5 57. Kf5 b4 58. Kg5 b3 0-1

[Event "28. Torneo San Viator 2017 - Torneo B"]
[Site "Madrid ESP"]
[Date "2017.05.14"]
[Round "6.31"]
[White "Gonzalez Reyes, Felix"]
[Black "Lozano Serrano, Nuria"]
[Result "1-0"]
[WhiteElo "1495"]
[BlackElo "1263"]
[PlyCount "105"]
[EventDate "2017.03.26"]
[EventType "swiss"]
[EventRounds "9"]
[EventCountry "ESP"]
[SourceTitle "Ajedrez en Madrid"]
[Source "lmi"]
[SourceDate "2017.03.26"]

1. Nf3 d5 2. d4 Nf6 3. g3 g6 4. Bg2 Bg7 5. O-O O-O 6. Nc3 Nbd7 7. Re1 Re8 8.
Bg5 c6 9. e4 dxe4 10. Nxe4 Nxe4 11. Rxe4 f6 12. Bd2 e5 13. dxe5 Nxe5 14. Nxe5
fxe5 15. Bc3 Bf5 16. Re2 Qb6 17. h3 Rad8 18. Qe1 Qc7 19. Rd1 Rxd1 20. Qxd1 e4
21. Bxg7 Qxg7 22. c3 Qc7 23. Qc1 e3 24. Rxe3 Rxe3 25. Qxe3 a6 26. Qe8+ Kg7 27.
Qe3 Qd7 28. Qd4+ Qxd4 29. cxd4 Kf6 30. f4 Be6 31. a3 Kf5 32. Kf2 Bc4 33. Ke3
Bd5 34. Bf3 b5 35. b4 h6 36. Bg4+ Kf6 37. h4 h5 38. Bc8 Ke7 39. Kd2 Be6 40.
Bxe6 Kxe6 41. Ke3 Kf5 42. Kf3 Kf6 43. Ke4 Ke6 44. Ke3 Kf5 45. Kf3 Kf6 46. g4
Kf7 47. gxh5 gxh5 48. f5 Ke7 49. Ke4 Kd6 50. Kf4 Kd5 51. Kg5 Ke4 52. f6 Kd5 53.
f7 1-0

[Event "28. Torneo San Viator 2017 - Torneo B"]
[Site "Madrid ESP"]
[Date "2017.05.14"]
[Round "6.32"]
[White "Gonzalez Morente, Jose A"]
[Black "Rodriguez Munoz, Jesus"]
[Result "1-0"]
[WhiteElo "1481"]
[BlackElo "1211"]
[PlyCount "39"]
[EventDate "2017.03.26"]
[EventType "swiss"]
[EventRounds "9"]
[EventCountry "ESP"]
[SourceTitle "Ajedrez en Madrid"]
[Source "lmi"]
[SourceDate "2017.03.26"]

1. d4 Nf6 2. c4 e5 3. dxe5 Ng4 4. Nf3 Bc5 5. e3 Nc6 6. Be2 O-O 7. O-O Ngxe5 8.
b3 d6 9. h3 Bf5 10. Nc3 Nb4 11. e4 Nxf3+ 12. Bxf3 Bd4 13. Qxd4 Nc2 14. Qd1 Nxa1
15. exf5 Qf6 16. Bb2 Nxb3 17. axb3 Qxf5 18. Bxb7 Rab8 19. Be4 Qe5 20. Qc2 1-0

[Event "28. Torneo San Viator 2017 - Torneo B"]
[Site "Madrid ESP"]
[Date "2017.05.14"]
[Round "6.33"]
[White "Perez Ramos, Miguel Angel"]
[Black "Perez Carballeira, Francisco"]
[Result "0-1"]
[WhiteElo "1169"]
[BlackElo "1444"]
[PlyCount "75"]
[EventDate "2017.03.26"]
[EventType "swiss"]
[EventRounds "9"]
[EventCountry "ESP"]
[SourceTitle "Ajedrez en Madrid"]
[Source "lmi"]
[SourceDate "2017.03.26"]

1. e4 c6 2. Nf3 d5 3. exd5 Qxd5 4. Nc3 Qa5 5. Bc4 Nf6 6. h3 Bf5 7. d3 e6 8. Bf4
Nbd7 9. d4 Bb4 10. Bd2 Qc7 11. Qe2 O-O 12. Bb3 h6 13. g3 Rfe8 14. O-O-O Bxc3
15. Bxc3 Ne4 16. Qe3 Nxc3 17. Qxc3 Rac8 18. Ne5 Nf6 19. Rde1 c5 20. Qxc5 Qxc5
21. dxc5 Rxc5 22. f3 Rec8 23. Rh2 a5 24. a4 R8c7 25. g4 Bh7 26. Rd2 Kf8 27. f4
Nd5 28. Nd3 Bxd3 29. Rxd3 Nxf4 30. Rf3 e5 31. Kb1 f6 32. Rd1 Ke7 33. Re1 Ne6
34. Rf2 Nd4 35. c4 Nxb3 36. Kc2 Nd4+ 37. Kb1 Rxc4 38. Rd2 0-1

[Event "28. Torneo San Viator 2017 - Torneo B"]
[Site "Madrid ESP"]
[Date "2017.05.14"]
[Round "6.34"]
[White "Munoz Munoz, Pablo II"]
[Black "Duran Andres, Rodrigo"]
[Result "0-1"]
[WhiteElo "1440"]
[BlackElo "1207"]
[PlyCount "100"]
[EventDate "2017.03.26"]
[EventType "swiss"]
[EventRounds "9"]
[EventCountry "ESP"]
[SourceTitle "Ajedrez en Madrid"]
[Source "lmi"]
[SourceDate "2017.03.26"]

1. d4 d5 2. c4 c6 3. Nf3 Nf6 4. Bg5 Nbd7 5. e3 h6 6. Bxf6 Nxf6 7. Nc3 Bg4 8.
Be2 e6 9. O-O dxc4 10. Bxc4 Bd6 11. h3 Bh5 12. Be2 O-O 13. Qc2 Qc7 14. Rfe1 c5
15. dxc5 Bxc5 16. Nd2 Bxe2 17. Rxe2 Rac8 18. Rc1 Bb4 19. Nde4 Be7 20. a3 Rfd8
21. Rd2 Rxd2 22. Nxd2 Nd5 23. Qb3 b6 24. Ne2 Qd7 25. Rxc8+ Qxc8 26. Qd1 Bf6 27.
b3 Nc3 28. Nxc3 Qxc3 29. Ne4 Qa1 30. Nxf6+ Qxf6 31. a4 e5 32. Qd7 a5 33. e4 Kf8
34. Qb5 Qe6 35. f3 Ke7 36. Kf2 Qd6 37. Ke2 Ke6 38. g4 g6 39. h4 f5 40. g5 hxg5
41. hxg5 Kf7 42. Qd5+ Qxd5 43. exd5 Ke7 44. Kd3 Kd6 45. Kc4 f4 46. Kd3 Kxd5 47.
Kc3 e4 48. fxe4+ Kxe4 49. Kd2 f3 50. Ke1 Ke3 0-1

[Event "28. Torneo San Viator 2017 - Torneo B"]
[Site "Madrid ESP"]
[Date "2017.05.14"]
[Round "6.35"]
[White "Jimenez Gallego, Rafael"]
[Black "Strejoiv, Christian Ionut"]
[Result "1-0"]
[WhiteElo "1433"]
[BlackElo "1167"]
[PlyCount "79"]
[EventDate "2017.03.26"]
[EventType "swiss"]
[EventRounds "9"]
[EventCountry "ESP"]
[SourceTitle "Ajedrez en Madrid"]
[Source "lmi"]
[SourceDate "2017.03.26"]

1. e4 e6 2. Nf3 d5 3. exd5 exd5 4. d4 Bg4 5. Be2 c5 6. h3 Bh5 7. O-O Nf6 8.
Bb5+ Nc6 9. Qe1+ Be7 10. Ne5 O-O 11. Bxc6 bxc6 12. Nxc6 Qd7 13. Qxe7 Qxc6 14.
Qxc5 Qb7 15. Nc3 Ne4 16. Nxe4 dxe4 17. Qxh5 f5 18. b3 Rf6 19. c4 Raf8 20. Qe2
f4 21. f3 e3 22. Bxe3 fxe3 23. Qxe3 Rg6 24. Qe4 Qb8 25. Qe5 Qb4 26. Rf2 Qc3 27.
Re1 Rgf6 28. Qe3 Qa5 29. d5 g6 30. Rd1 Qd8 31. d6 Re8 32. Qd2 Ree6 33. c5 Rf5
34. b4 Rfe5 35. Kf1 Qb8 36. d7 Qb5+ 37. Kg1 Re1+ 38. Rxe1 Rxe1+ 39. Qxe1 Qxd7
40. Rd2 1-0

[Event "28. Torneo San Viator 2017 - Torneo B"]
[Site "Madrid ESP"]
[Date "2017.05.21"]
[Round "7.1"]
[White "Calderon Martin, Antonio"]
[Black "Martinell Gispert-Sauch, Jose M"]
[Result "1/2-1/2"]
[WhiteElo "1686"]
[BlackElo "1629"]
[PlyCount "66"]
[EventDate "2017.03.26"]
[EventType "swiss"]
[EventRounds "9"]
[EventCountry "ESP"]
[SourceTitle "Ajedrez en Madrid"]
[Source "lmi"]
[SourceDate "2017.03.26"]

1. e4 c6 2. d4 d5 3. exd5 cxd5 4. Bd3 Nc6 5. c3 Nf6 6. h3 g6 7. Nf3 Bg7 8. O-O
O-O 9. Re1 Bf5 10. Bf4 e6 11. Bf1 Qb6 12. Qb3 Qxb3 13. axb3 Bxb1 14. Raxb1 a6
15. Ra1 Rfc8 16. b4 Nd7 17. b5 axb5 18. Bxb5 Nb6 19. Ne5 Nxe5 20. Bxe5 Bxe5 21.
dxe5 Rxa1 22. Rxa1 Ra8 23. Rxa8+ Nxa8 24. Kf1 Kf8 25. Ke2 Nc7 26. Bd3 f6 27.
exf6 Kf7 28. Ke3 e5 29. f4 Kxf6 30. fxe5+ Kxe5 31. Be2 b6 32. g3 g5 33. b3 b5
1/2-1/2

[Event "28. Torneo San Viator 2017 - Torneo B"]
[Site "Madrid ESP"]
[Date "2017.05.21"]
[Round "7.2"]
[White "Martinez Martinez, Javier II"]
[Black "Arce Escobedo, Julio"]
[Result "0-1"]
[WhiteElo "1635"]
[BlackElo "1642"]
[PlyCount "48"]
[EventDate "2017.03.26"]
[EventType "swiss"]
[EventRounds "9"]
[EventCountry "ESP"]
[SourceTitle "Ajedrez en Madrid"]
[Source "lmi"]
[SourceDate "2017.03.26"]

1. e4 c5 2. Nf3 d6 3. d4 cxd4 4. Nxd4 Nf6 5. Nc3 g6 6. Be3 Bg7 7. f3 O-O 8. Qd2
Nc6 9. O-O-O d5 10. Nxc6 bxc6 11. Bh6 Be6 12. Bxg7 Kxg7 13. e5 Nd7 14. f4 Qa5
15. Qd4 Rab8 16. Bd3 Rb4 17. Qf2 d4 18. Ne4 Qxa2 19. Kd2 Qa5 20. Ra1 Ra4+ 21.
c3 dxc3+ 22. Nxc3 Rxa1 23. Rxa1 Qxa1 24. Kc2 Rb8 0-1

[Event "28. Torneo San Viator 2017 - Torneo B"]
[Site "Madrid ESP"]
[Date "2017.05.21"]
[Round "7.3"]
[White "Martinez Pintor, Juan"]
[Black "Arias Cusio, Oscar"]
[Result "0-1"]
[WhiteElo "1657"]
[BlackElo "1606"]
[PlyCount "72"]
[EventDate "2017.03.26"]
[EventType "swiss"]
[EventRounds "9"]
[EventCountry "ESP"]
[SourceTitle "Ajedrez en Madrid"]
[Source "lmi"]
[SourceDate "2017.03.26"]

1. d4 Nf6 2. c4 g6 3. Nc3 Bg7 4. e4 d6 5. h3 O-O 6. Nf3 Nbd7 7. Be2 c5 8. Be3
b6 9. Qc2 Bb7 10. O-O a6 11. Rab1 Rc8 12. Qd3 cxd4 13. Bxd4 Nc5 14. Bxc5 Rxc5
15. b4 Rc8 16. Nd2 Nd7 17. Rfc1 f5 18. exf5 Rxf5 19. Bf3 Ne5 20. Bd5+ Bxd5 21.
Qxd5+ Kh8 22. Qe4 Qf8 23. Qe2 e6 24. Nce4 Nc6 25. Nf3 Nd4 26. Nxd4 Bxd4 27. Qd2
e5 28. Rc2 Rd8 29. Nc3 Rxf2 30. Qxf2 Bxf2+ 31. Rxf2 Qh6 32. Nd5 b5 33. cxb5
axb5 34. Rbf1 Qh4 35. Kh1 Qd4 36. Nc7 Qc4 0-1

[Event "28. Torneo San Viator 2017 - Torneo B"]
[Site "Madrid ESP"]
[Date "2017.05.21"]
[Round "7.4"]
[White "Fernandez Lopez, Jaime"]
[Black "Rodriguez Nieto, Miguel Angel"]
[Result "1-0"]
[WhiteElo "1601"]
[BlackElo "1738"]
[PlyCount "79"]
[EventDate "2017.03.26"]
[EventType "swiss"]
[EventRounds "9"]
[EventCountry "ESP"]
[SourceTitle "Ajedrez en Madrid"]
[Source "lmi"]
[SourceDate "2017.03.26"]

1. c4 Nf6 2. Nf3 e6 3. g3 d5 4. b3 g6 5. Bb2 Bg7 6. Bg2 O-O 7. O-O c6 8. d3
Nbd7 9. Qc2 b6 10. Nbd2 Bb7 11. b4 Qe7 12. Rab1 c5 13. b5 a5 14. a4 Rad8 15.
Ba3 Ne8 16. d4 Rc8 17. cxd5 exd5 18. dxc5 Nxc5 19. Nb3 Qe4 20. Qxe4 dxe4 21.
Nxc5 bxc5 22. Nd2 f5 23. Rfc1 Rf7 24. Rxc5 Rd8 25. Rc2 Bd4 26. e3 Bb6 27. Bf1
Kg7 28. Bb2+ Kh6 29. Rbc1 Nf6 30. Nc4 Nd5 31. Nxb6 Nxb6 32. Ra1 g5 33. Bd4 Nd5
34. Rac1 Nb4 35. Rc7 Rdd7 36. Rxd7 Rxd7 37. b6 Rd6 38. Rc7 Bc6 39. b7 Na6 40.
Bxa6 1-0

[Event "28. Torneo San Viator 2017 - Torneo B"]
[Site "Madrid ESP"]
[Date "2017.05.21"]
[Round "7.5"]
[White "Gortazar Rubial, Javier Maria"]
[Black "Marcelo De La Mata, Daniel"]
[Result "1/2-1/2"]
[WhiteElo "1563"]
[BlackElo "1630"]
[PlyCount "38"]
[EventDate "2017.03.26"]
[EventType "swiss"]
[EventRounds "9"]
[EventCountry "ESP"]
[SourceTitle "Ajedrez en Madrid"]
[Source "lmi"]
[SourceDate "2017.03.26"]

1. e4 e5 2. Nf3 Nc6 3. Bb5 d6 4. d4 exd4 5. Nxd4 Bd7 6. O-O Ne5 7. Qe2 Be7 8.
Nc3 c6 9. Ba4 Nf6 10. Bf4 O-O 11. Rad1 Qc7 12. Bb3 a6 13. Rfe1 c5 14. Nf5 Bxf5
15. exf5 Rfe8 16. Nd5 Nxd5 17. Bxd5 Bf6 18. c3 Rad8 19. Qh5 c4 1/2-1/2

[Event "28. Torneo San Viator 2017 - Torneo B"]
[Site "Madrid ESP"]
[Date "2017.05.21"]
[Round "7.6"]
[White "Sanchez Rivero, Miguel"]
[Black "Moreno Sanchez, Guillermo"]
[Result "1-0"]
[WhiteElo "1475"]
[BlackElo "1605"]
[PlyCount "75"]
[EventDate "2017.03.26"]
[EventType "swiss"]
[EventRounds "9"]
[EventCountry "ESP"]
[SourceTitle "Ajedrez en Madrid"]
[Source "lmi"]
[SourceDate "2017.03.26"]

1. e4 c5 2. Nf3 d6 3. Bb5+ Bd7 4. Bxd7+ Qxd7 5. O-O Nf6 6. d3 Nc6 7. c4 g6 8.
Nc3 a6 9. Nd5 Nxd5 10. exd5 Ne5 11. Nxe5 dxe5 12. Be3 Rc8 13. a4 Bg7 14. Qb3
O-O 15. Qb6 Qc7 16. Qxc7 Rxc7 17. Rfb1 f5 18. f3 Rd7 19. Ra3 Rc8 20. Rb3 Bf6
21. Rb6 Rcc7 22. b4 cxb4 23. R1xb4 Kf7 24. Re6 Rd6 25. Rb6 Rxb6 26. Rxb6 Rd7
27. Kf1 g5 28. Ke2 h5 29. g3 f4 30. Bf2 Ke8 31. Re6 Rd6 32. g4 h4 33. d4 Rxe6
34. dxe6 Kd8 35. d5 Kc7 36. Kd3 Kd6 37. Bb6 e4+ 38. Kxe4 1-0